00321nam a2200145Ia 45000030006000000080041000060400015000471000018000622450043000802500006001232600009001293000006001385460014001440050017001580STCL150530s9999 xx 000 0 und d aSTCLcSTCL aVarghese Paul aVidhyabhyasam Padana Bodhana Reethikal a1 c1993 a0 aMalayalam20220125165735.0